| 000 | 00474cam a2200193ua 4500 | ||
|---|---|---|---|
| 020 | _cRs.10.00 | ||
| 041 |
_aeng _h |
||
| 082 |
_a621.31924 _bVAR/RE |
||
| 100 | _aVarthanov, G. | ||
| 245 |
_aRepair shop electrician / _cG.Vartanov. _hTextual Documents |
||
| 260 |
_aMoscow : _bPeace Publishers , _c1985. |
||
| 300 | _a266 ; . | ||
| 365 | _aRs.10.00 | ||
| 504 | _a | ||
| 700 | 1 | _aSerebryakov, . | |
| 700 | 1 | _aVerner, V. | |
| 942 | _cBK | ||
| 999 |
_c1418 _d1418 |
||